| 000 | 00899nam a22002417a 4500 | ||
|---|---|---|---|
| 999 |
_c65829 _d65829 |
||
| 005 | 20240530110845.0 | ||
| 008 | 201006s2020 ua al f b 000 0 ara d | ||
| 017 |
_a2013/7496 _bمصر. دار الكتب |
||
| 020 | _a9789776441057 | ||
| 040 |
_aEG-CaGPL _cEG-CaGPL |
||
| 082 | 0 | 4 |
_221 _a669/ _bم ت |
| 100 | 0 | _aمحمد بكير مصطفى بكير | |
| 245 | 1 | 0 |
_aتكنولوجيا صناعة المعادن / _cمحمد بكير مصطفى بكير |
| 250 | _aط.1 | ||
| 260 |
_aالقاهرة : _bدار الوفاء لدنيا الطباعة و النشر، _c2020. |
||
| 300 |
_a787 ص. : _bايض ؛ _c24 سم. |
||
| 504 | _aيشتمل على ارجاعات ببليوجرافية | ||
| 650 | 0 | 7 |
_2qrmak _aاشغال المعادن |
| 650 | 0 | 7 |
_2qrmak _aالمعادن _xصناعة وتجارة |
| 651 | _2qrmak | ||
| 942 |
_2ddc _cBK |
||